[Event "Torneo Zonale femminile"]
[Site "Saint Vincent - Chatillon ITA"]
[Date "1999.05.23"]
[Round "5"]
[White "Sziva, Erika"]
[Black "Houska, Jovanka"]
[Result "1/2-1/2"]
[WhiteElo "2332"]
[BlackElo "2286"]
[PlyCount "83"]
[EventDate "1999.05.19"]

1. e4 d5 2. exd5 Qxd5 3. Nc3 Qa5 4. Bc4 Nf6 5. Nge2 Bf5 6. O-O e6 7. Ng3 Bg6 8.
d4 c6 9. f4 Bd6 10. f5 exf5 11. Qe2+ Kf8 12. Bf4 Bxf4 13. Rxf4 Nbd7 14. Raf1 b5
15. Bb3 Qb6 16. Qf2 a5 17. a4 b4 18. Nd1 c5 19. Nxf5 Bxf5 20. Rxf5 cxd4 21. Kh1
Re8 22. Rb5 Qc7 23. Qxd4 Re4 24. Qf2 g6 25. Bd5 Re7 26. Bf3 Kg7 27. c3 bxc3 28.
Nxc3 Rhe8 29. Nd5 Nxd5 30. Bxd5 f6 31. h3 Re2 32. Qh4 g5 33. Qc4 Qg3 34. Qg4
Qxg4 35. hxg4 Rb8 36. Rxb8 Nxb8 37. b3 Nd7 38. Rc1 Ne5 39. Rc7+ Kf8 40. Be6 Nf3
41. gxf3 Rxe6 42. Kg2 1/2-1/2

[Event "Torneo Zonale femminile"]
[Site "Saint Vincent - Chatillon ITA"]
[Date "1999.05.24"]
[Round "6"]
[White "Berend, Elvira S."]
[Black "Sziva, Erika"]
[Result "1-0"]
[WhiteElo "2340"]
[BlackElo "2332"]
[PlyCount "55"]
[EventDate "1999.05.19"]

1. e4 c5 2. Nf3 e6 3. d4 cxd4 4. Nxd4 Nc6 5. Nc3 Qc7 6. Be3 a6 7. Bd3 b5 8.
Nxc6 Qxc6 9. O-O Bb7 10. Re1 Nf6 11. a3 Be7 12. Qf3 O-O 13. Qh3 g6 14. Bh6 Rfe8
15. e5 Nh5 16. Be4 Qc7 17. Bxb7 Qxb7 18. g4 Ng7 19. Ne4 Rec8 20. Bxg7 Kxg7 21.
g5 h5 22. gxh6+ Kf8 23. Rad1 Rc4 24. Qf3 Rd8 25. c3 Qa8 26. Re3 Qb8 27. Nd6
Bxd6 28. Qf6 1-0

[Event "Torneo Zonale femminile"]
[Site "Saint Vincent - Chatillon ITA"]
[Date "1999.05.24"]
[Round "6"]
[White "Bosboom-Lanchava, Tea"]
[Black "Nepeina Leconte, Maria"]
[Result "0-1"]
[WhiteElo "2261"]
[BlackElo "2315"]
[PlyCount "120"]
[EventDate "1999.05.19"]

1. d4 d5 2. c4 e6 3. Nf3 c5 4. cxd5 exd5 5. Bg5 Be7 6. Bxe7 Nxe7 7. dxc5 Na6 8.
Nc3 Nxc5 9. g3 Bg4 10. Qd4 Bxf3 11. exf3 Ne6 12. Bb5+ Kf8 13. Qb4 Kg8 14. O-O
h5 15. Rad1 h4 16. g4 Rh6 17. Ne2 a5 18. Qd2 Qb6 19. a4 Rf6 20. f4 Nc5 21. Qe3
Re6 22. Qh3 Nxa4 23. Nd4 Re4 24. Bxa4 Rxd4 25. Qe3 Qg6 26. Rxd4 Nf5 27. Qh3
Nxd4 28. Bd1 Qf6 29. Qe3 Nc6 30. b3 Rd8 31. Re1 d4 32. Qe4 d3 33. g5 Qd4 34.
Qf5 Qd7 35. Qe4 g6 36. Re3 Qd5 37. f3 Qd4 38. Kg2 Kg7 39. Re1 Qd5 40. f5 Qxf5
41. Qxh4 Rh8 42. Qg3 b5 43. Re4 b4 44. h4 Rd8 45. Qc7 Qd7 46. Qf4 Qd6 47. Qe3
Rb8 48. h5 gxh5 49. f4 Qd5 50. Qf3 a4 51. f5 Ne5 52. Qf4 Re8 53. Bf3 d2 54. f6+
Kg8 55. g6 d1=Q 56. gxf7+ Kxf7 57. Bxd1 Qxd1 58. Rxe5 Qc2+ 59. Kf3 Qc3+ 60. Ke4
Qxe5+ 0-1

[Event "Torneo Zonale femminile"]
[Site "Saint Vincent - Chatillon ITA"]
[Date "1999.05.24"]
[Round "6"]
[White "Calzetta Ruiz, Monica"]
[Black "Milligan Scott, Helen"]
[Result "1-0"]
[WhiteElo "2158"]
[BlackElo "2054"]
[PlyCount "51"]
[EventDate "1999.05.19"]

1. e4 e6 2. d4 d5 3. Nd2 Nf6 4. e5 Nfd7 5. f4 c5 6. c3 Nc6 7. Ndf3 Qb6 8. h4
cxd4 9. cxd4 f6 10. Bd3 Bb4+ 11. Ke2 O-O 12. h5 fxe5 13. fxe5 Ndxe5 14. dxe5
Nxe5 15. Be3 Qd6 16. Rh4 Nxd3 17. Qxd3 Bd7 18. Ng5 Rf5 19. N1f3 h6 20. Nh3 Raf8
21. Rg4 a6 22. a4 R5f6 23. Qd4 e5 24. Qxb4 Qxb4 25. Rxb4 Bxh3 26. Nxe5 1-0

[Event "Torneo Zonale femminile"]
[Site "Saint Vincent - Chatillon ITA"]
[Date "1999.05.24"]
[Round "6"]
[White "Carvalho, Alda"]
[Black "Lauterbach, Ingrid"]
[Result "0-1"]
[WhiteElo "2104"]
[BlackElo "2171"]
[PlyCount "64"]
[EventDate "1999.05.19"]

1. e4 d6 2. d4 Nf6 3. Nc3 g6 4. f4 Bg7 5. Nf3 c5 6. Bb5+ Bd7 7. e5 Ng4 8. e6
Bxb5 9. exf7+ Kd7 10. Nxb5 Qa5+ 11. Nc3 cxd4 12. Nxd4 Nh6 13. Be3 Nc6 14. Nde2
Rhf8 15. O-O Rxf7 16. Ne4 Ng4 17. Bd4 Nxd4 18. Nxd4 Ne3 19. Nb3 Qb6 20. Nec5+
Ke8 21. Na4 Qb4 22. Qd2 Qxd2 23. Nxd2 Nxf1 24. Rxf1 Bd4+ 25. Kh1 Be3 26. Nc4
Bxf4 27. Nc3 Rc8 28. b3 Bh6 29. Re1 Rxc4 30. Nb5 Rc6 31. Nxa7 Rxc2 32. Nb5 Kd7
0-1

[Event "Torneo Zonale femminile"]
[Site "Saint Vincent - Chatillon ITA"]
[Date "1999.05.24"]
[Round "6"]
[White "Garcia Vicente, Nieves"]
[Black "Jap Tjoen San, Linda"]
[Result "1/2-1/2"]
[WhiteElo "2263"]
[BlackElo "2233"]
[PlyCount "88"]
[EventDate "1999.05.19"]

1. d4 Nf6 2. c4 g6 3. Nc3 d5 4. cxd5 Nxd5 5. e4 Nxc3 6. bxc3 Bg7 7. Qa4+ Nd7 8.
Nf3 c5 9. Bg5 O-O 10. Rc1 Nf6 11. Bd3 Bd7 12. Qa3 b6 13. O-O Bc6 14. Rfe1 h6
15. Bd2 e6 16. Rcd1 Bb7 17. e5 Nd7 18. Be4 Qc7 19. h4 a5 20. Bf4 Bxe4 21. Rxe4
Qc6 22. Re2 c4 23. Qc1 Kh7 24. h5 Qd5 25. Qc2 Rfd8 26. Nh4 Nf8 27. Re3 Qd7 28.
Rg3 Qe8 29. Bc1 b5 30. Ba3 b4 31. cxb4 Qe7 32. hxg6+ Kh8 33. Qe4 axb4 34. Bxb4
Qxb4 35. gxf7 Qe7 36. Ng6+ Nxg6 37. Qxg6 Qf8 38. Qxe6 Ra7 39. Rf3 c3 40. Qb3 c2
41. Qxc2 Rxf7 42. Rc3 Rf4 43. Rc4 Bxe5 44. d5 Rxc4 1/2-1/2

[Event "Torneo Zonale femminile"]
[Site "Saint Vincent - Chatillon ITA"]
[Date "1999.05.24"]
[Round "6"]
[White "Houska, Jovanka"]
[Black "Nicoara Etchegaray, Malina"]
[Result "1-0"]
[WhiteElo "2286"]
[BlackElo "2245"]
[PlyCount "65"]
[EventDate "1999.05.19"]

1. e4 c5 2. Nc3 g6 3. g3 Bg7 4. Bg2 Nc6 5. d3 d6 6. Be3 Rb8 7. Qd2 b5 8. Nge2
Nd4 9. O-O h5 10. h4 b4 11. Nd1 e5 12. c3 bxc3 13. bxc3 Nxe2+ 14. Qxe2 Ne7 15.
f4 Bg4 16. Qd2 Qa5 17. Rc1 Qa3 18. Nf2 Be6 19. Rc2 Bd7 20. Qe2 Rb6 21. Nd1 Bg4
22. Qf2 Bxd1 23. fxe5 Bxc2 24. Qxf7+ Kd8 25. Qxg7 Re8 26. Bg5 dxe5 27. Bxe7+
Rxe7 28. Rf8+ Re8 29. Rf7 Qa4 30. Bh3 Rbe6 31. Bxe6 Rxe6 32. Rb7 Rb6 33. Qc7+
1-0

[Event "Torneo Zonale femminile"]
[Site "Saint Vincent - Chatillon ITA"]
[Date "1999.05.24"]
[Round "6"]
[White "Regan, Natasha K."]
[Black "Sebag, Marie"]
[Result "0-1"]
[WhiteElo "2151"]
[BlackElo "2053"]
[PlyCount "78"]
[EventDate "1999.05.19"]

1. e4 c5 2. d4 cxd4 3. c3 dxc3 4. Nxc3 Nc6 5. Nf3 g6 6. h4 h5 7. Bg5 Bg7 8. Bc4
Nf6 9. O-O d6 10. e5 dxe5 11. Qxd8+ Nxd8 12. Nb5 Kf8 13. Nc7 Rb8 14. Nxe5 Nd7
15. Nd3 Nb6 16. Bb3 Bf5 17. Rad1 Bxd3 18. Rxd3 Bxb2 19. a4 Nc6 20. Re1 Be5 21.
Bxe7+ Kxe7 22. f4 Rhd8 23. Nd5+ Nxd5 24. Rxd5 Rxd5 25. Bxd5 Kd6 26. Bxf7 Bxf4
27. Re6+ Kd7 28. Rxg6 Be3+ 29. Kh2 Ne5 30. Rg7 Nxf7 31. Rxf7+ Ke6 32. Rh7 a6
33. Rxh5 b5 34. axb5 axb5 35. g4 b4 36. Rf5 b3 37. Rf1 b2 38. Rb1 Bd4 39. Kg3
Rc8 0-1

[Event "Torneo Zonale femminile"]
[Site "Saint Vincent - Chatillon ITA"]
[Date "1999.05.24"]
[Round "6"]
[White "Sirletti, Sonia"]
[Black "Fittante, Giuliana"]
[Result "1/2-1/2"]
[WhiteElo "1795"]
[BlackElo "2059"]
[PlyCount "94"]
[EventDate "1999.05.19"]

1. d4 d5 2. c4 c6 3. cxd5 cxd5 4. Nf3 Nf6 5. Bf4 Nc6 6. Nc3 Bf5 7. e3 e6 8. Ne5
Bb4 9. Nxc6 bxc6 10. Qa4 Bxc3+ 11. bxc3 O-O 12. c4 Qb6 13. Qb3 Qa5+ 14. Ke2 Ne4
15. Qb2 dxc4 16. f3 c3 17. Qc1 Nd2 18. e4 Nxf1 19. Rxf1 Bg6 20. Qe3 f6 21. Rfc1
e5 22. dxe5 fxe5 23. Bg3 Rab8 24. Qxc3 Qxc3 25. Rxc3 Rb2+ 26. Ke3 Rxg2 27. Bxe5
Bh5 28. f4 Rd8 29. f5 Re2+ 30. Kf4 Rxh2 31. Rg1 Rf2+ 32. Kg5 Bf7 33. Rxc6 Rxa2
34. Kh4 g6 35. Rc7 Ra4 36. Rg4 a5 37. Bf6 Re8 38. e5 Rxg4+ 39. Kxg4 gxf5+ 40.
Kxf5 Bg6+ 41. Kg5 Ra8 42. e6 Kf8 43. Rg7 Ra6 44. e7+ Ke8 45. Rg8+ Kd7 46. Rd8+
Kc6 47. Rg8 Kd7 1/2-1/2

[Event "Torneo Zonale femminile"]
[Site "Saint Vincent - Chatillon ITA"]
[Date "1999.05.24"]
[Round "6"]
[White "Vilar Lopez, Monica"]
[Black "Agosto, Erika"]
[Result "1-0"]
[WhiteElo "2175"]
[BlackElo "2024"]
[PlyCount "175"]
[EventDate "1999.05.19"]

1. e4 e5 2. Nf3 Nc6 3. Bc4 Bc5 4. c3 Nf6 5. d4 exd4 6. cxd4 Bb4+ 7. Bd2 Bxd2+
8. Nbxd2 d6 9. O-O O-O 10. a3 d5 11. exd5 Nxd5 12. Ne5 Nce7 13. Ne4 Nf5 14. Rc1
c6 15. Ba2 h6 16. Kh1 Nf6 17. Nxf6+ Qxf6 18. Rc3 Be6 19. Bb1 Rad8 20. Qc2 g6
21. f4 Nxd4 22. Qf2 Nb3 23. Rg3 Rd2 24. Qe1 Rfd8 25. Bxg6 Kh8 26. Bd3 Bd5 27.
Rf2 Rxf2 28. Qxf2 Be4 29. h3 Bxd3 30. Nxd3 Nd4 31. Ne5 Kh7 32. Rd3 Ne6 33. Rxd8
Nxd8 34. Ng4 Qd6 35. Qh4 Kg7 36. Ne3 Qf6 37. Qg3+ Qg6 38. Qf2 a6 39. f5 Qd6 40.
Qh4 Qf6 41. Qe4 h5 42. Nc4 b5 43. Ne5 Qd6 44. Qe3 Kf6 45. Nf3 Kxf5 46. Nh4+ Kf6
47. Qh6+ Ke5 48. Nf3+ Kd5 49. Qxh5+ Ke6 50. Qg4+ Ke7 51. Nd4 Kf8 52. h4 c5 53.
Nf5 Qg6 54. Qf3 Qc6 55. Qc3 f6 56. Qe3 Qe6 57. Qxc5+ Kf7 58. h5 Nc6 59. Qf2 Ne5
60. Qf4 Qd5 61. Nd4 Nd3 62. Qh4 Qg5 63. Qxg5 fxg5 64. b3 Kf6 65. g3 g4 66. Kg2
Kg5 67. Ne6+ Kxh5 68. Nc7 Ne1+ 69. Kf2 Nc2 70. Nxa6 Nxa3 71. Nc7 b4 72. Ke2 Kg5
73. Kd3 Kf5 74. Nd5 Ke5 75. Nxb4 Nb5 76. Nc2 Kd5 77. b4 Nd6 78. Ne3+ Kc6 79.
Nxg4 Nf5 80. Ne5+ Kb5 81. g4 Nd6 82. Kc3 Ne4+ 83. Kd4 Ng5 84. Nd3 Nf7 85. Kd5
Ng5 86. Ke5 Kc4 87. Kf5 Nf7 88. Ne5+ 1-0

[Event "Torneo Zonale femminile"]
[Site "Saint Vincent - Chatillon ITA"]
[Date "1999.05.25"]
[Round "7"]
[White "Agosto, Erika"]
[Black "Garcia Vicente, Nieves"]
[Result "1-0"]
[WhiteElo "2024"]
[BlackElo "2263"]
[PlyCount "81"]
[EventDate "1999.05.19"]

1. e4 e5 2. Nf3 Nc6 3. Bc4 Nf6 4. d3 Bc5 5. Bg5 d6 6. c3 Qe7 7. Nbd2 h6 8. Bh4
a6 9. Bb3 Ba7 10. h3 Nd8 11. Nf1 g5 12. Bg3 Nh5 13. Qd2 Ne6 14. O-O-O Nef4 15.
Bxf4 gxf4 16. g4 fxg3 17. fxg3 Be6 18. g4 Nf4 19. Ng3 O-O-O 20. Nf5 Qf6 21. d4
Kb8 22. h4 Bxf5 23. exf5 Rdg8 24. dxe5 dxe5 25. Rhe1 Rd8 26. Qc2 Rxd1+ 27. Rxd1
Be3+ 28. Kb1 Re8 29. Qe4 Bb6 30. Rd7 Qg7 31. g5 hxg5 32. hxg5 Qh8 33. a3 f6 34.
g6 Qh1+ 35. Ka2 Qg2 36. Bc4 Bc5 37. g7 Kc8 38. Rf7 Rd8 39. g8=Q Qxg8 40. Rxc7+
Kxc7 41. Bxg8 1-0

[Event "Torneo Zonale femminile"]
[Site "Saint Vincent - Chatillon ITA"]
[Date "1999.05.25"]
[Round "7"]
[White "Carvalho, Alda"]
[Black "Sirletti, Sonia"]
[Result "1/2-1/2"]
[WhiteElo "2104"]
[BlackElo "1795"]
[PlyCount "29"]
[EventDate "1999.05.19"]

1. e4 e6 2. d4 d5 3. Nc3 dxe4 4. Nxe4 Bd7 5. Nf3 Bc6 6. Bd3 Nd7 7. O-O Ngf6 8.
Qe2 Nxe4 9. Bxe4 Bxe4 10. Qxe4 c6 11. Bg5 Be7 12. Bxe7 Qxe7 13. c3 O-O 14. Rae1
Rac8 15. Qf4 1/2-1/2

[Event "Torneo Zonale femminile"]
[Site "Saint Vincent - Chatillon ITA"]
[Date "1999.05.25"]
[Round "7"]
[White "Houska, Jovanka"]
[Black "Berend, Elvira S."]
[Result "1-0"]
[WhiteElo "2286"]
[BlackElo "2340"]
[PlyCount "87"]
[EventDate "1999.05.19"]

1. e4 c5 2. Nc3 Nc6 3. Bb5 Nd4 4. Bc4 g6 5. Nce2 Bg7 6. Nxd4 cxd4 7. d3 e6 8.
Bb3 Ne7 9. f4 O-O 10. Nf3 d5 11. O-O dxe4 12. dxe4 Qb6 13. Kh1 Bd7 14. Ne5 Rad8
15. Bd2 Bb5 16. Nd3 Qc7 17. Qe1 Bc4 18. Bb4 Rfe8 19. Rf2 b6 20. Ne5 Bxb3 21.
axb3 a5 22. Bxe7 Rxe7 23. Nd3 Qc6 24. Ra4 Ra7 25. h3 Qa8 26. b4 Qc6 27. b3 Rda8
28. Kh2 axb4 29. Rxb4 b5 30. Ne5 Bxe5 31. fxe5 Qc5 32. Qd2 Qxe5+ 33. g3 Qxe4
34. Rxd4 Qe5 35. Re2 Qc7 36. Qd3 Rb8 37. Rd2 Kg7 38. Qe3 Kg8 39. Qg5 e5 40. Rd5
Re8 41. Qf6 Qc3 42. R5d3 Qb4 43. Rd8 Rae7 44. R2d7 1-0

[Event "Torneo Zonale femminile"]
[Site "Saint Vincent - Chatillon ITA"]
[Date "1999.05.25"]
[Round "7"]
[White "Jap Tjoen San, Linda"]
[Black "Fittante, Giuliana"]
[Result "1-0"]
[WhiteElo "2233"]
[BlackElo "2059"]
[PlyCount "89"]
[EventDate "1999.05.19"]

1. e4 e5 2. Nf3 Nf6 3. d4 Nxe4 4. Bd3 d5 5. Nxe5 Nd7 6. Nxd7 Bxd7 7. O-O Qh4 8.
c4 O-O-O 9. Nc3 Nf6 10. cxd5 Kb8 11. Be2 Bd6 12. f4 g5 13. Qe1 Qxe1 14. Rxe1
gxf4 15. Rf1 Rde8 16. Bd3 Rhg8 17. Kh1 f3 18. g3 Bh3 19. Bd2 Bxf1 20. Rxf1 Bb4
21. Rxf3 Nxd5 22. Rxf7 Bxc3 23. bxc3 h5 24. Rf5 Ne3 25. Rxh5 Ng4 26. Kg1 Ref8
27. Bf4 Nf6 28. Rc5 Nd5 29. Be5 Nf4 30. Bh7 Ne2+ 31. Kg2 Rg4 32. Bxc7+ Ka8 33.
Bd6 Re8 34. Be5 a6 35. Kf3 Re7 36. Bc2 Rg8 37. Kxe2 Rh8 38. h4 Rg8 39. Be4 Rg4
40. Kf3 Rg8 41. g4 Ka7 42. h5 Rf7+ 43. Bf5 Re8 44. h6 Ref8 45. Ke4 1-0

[Event "Torneo Zonale femminile"]
[Site "Saint Vincent - Chatillon ITA"]
[Date "1999.05.25"]
[Round "7"]
[White "Lauterbach, Ingrid"]
[Black "Bosboom-Lanchava, Tea"]
[Result "1/2-1/2"]
[WhiteElo "2171"]
[BlackElo "2261"]
[PlyCount "84"]
[EventDate "1999.05.19"]

1. e4 d6 2. d4 g6 3. Nf3 Bg7 4. c3 Nf6 5. Bd3 O-O 6. O-O c5 7. h3 Nc6 8. Be3 b6
9. Qd2 Bb7 10. d5 Nb8 11. Bh6 c4 12. Bxg7 Kxg7 13. Bc2 Nbd7 14. Na3 Rc8 15. Qd4
Qc7 16. Nb5 Qb8 17. a4 a6 18. Na3 e5 19. dxe6 fxe6 20. Rad1 d5 21. Ng5 e5 22.
Qe3 Nc5 23. exd5 Bxd5 24. Qg3 e4 25. Qxb8 Rxb8 26. f3 e3 27. Rfe1 Rbe8 28. Rd4
h6 29. Ne4 Ncxe4 30. fxe4 Bxe4 31. Bxe4 Nxe4 32. Nxc4 Nc5 33. Rxe3 Nxa4 34.
Rxe8 Rxe8 35. Nd6 Re1+ 36. Kf2 Ra1 37. Rb4 Ra2 38. Kf3 a5 39. Rf4 Nxb2 40. Rf7+
Kg8 41. Rf6 Ra3 42. Ne4 Rb3 1/2-1/2

[Event "Torneo Zonale femminile"]
[Site "Saint Vincent - Chatillon ITA"]
[Date "1999.05.25"]
[Round "7"]
[White "Milligan Scott, Helen"]
[Black "Regan, Natasha K."]
[Result "1-0"]
[WhiteElo "2054"]
[BlackElo "2151"]
[PlyCount "97"]
[EventDate "1999.05.19"]

1. d4 g6 2. e4 Nf6 3. Nc3 d5 4. e5 Nh5 5. Be2 Ng7 6. Bh6 f6 7. Nf3 Bg4 8. h3
Be6 9. Qd3 c6 10. O-O Nd7 11. exf6 exf6 12. Rfe1 Nf5 13. Bxf8 Nxf8 14. Bf1 Qd6
15. Na4 O-O-O 16. Nc5 Bd7 17. Qb3 Qb8 18. a4 h5 19. Qb4 g5 20. Ra3 Be8 21. Rb3
Nd6 22. Ba6 Rh7 23. Ne6 Nxe6 24. Rxe6 g4 25. Nh4 gxh3 26. Rxf6 Ne4 27. Rff3 h2+
28. Kh1 Rdd7 29. Qf8 Rhe7 30. Nf5 Re6 31. Ng7 Rxg7 32. Qxg7 Nc5 33. Rbe3 Ne4
34. Rb3 Nc5 35. Rfe3 Rxe3 36. Rxe3 Ne4 37. Qf8 Kd8 38. Bd3 Qd6 39. Qxd6+ Nxd6
40. Kxh2 Kd7 41. f4 b6 42. f5 c5 43. Bb5+ Nxb5 44. axb5 cxd4 45. Re5 Bf7 46.
Kg3 Kd6 47. Kf4 Kc5 48. Re7 Bg8 49. Rg7 1-0

[Event "Torneo Zonale femminile"]
[Site "Saint Vincent - Chatillon ITA"]
[Date "1999.05.25"]
[Round "7"]
[White "Nicoara Etchegaray, Malina"]
[Black "Calzetta Ruiz, Monica"]
[Result "1/2-1/2"]
[WhiteElo "2245"]
[BlackElo "2158"]
[PlyCount "91"]
[EventDate "1999.05.19"]

1. d4 Nf6 2. Nf3 e6 3. c4 c5 4. d5 b5 5. dxe6 fxe6 6. cxb5 Bb7 7. Nc3 Be7 8.
Qc2 O-O 9. e4 d5 10. e5 Ne4 11. Bd3 c4 12. Bxe4 dxe4 13. Nxe4 Qa5+ 14. Nc3 Nd7
15. Nd4 Nxe5 16. O-O Rf6 17. Ne4 Rg6 18. Ng3 Bc5 19. Be3 Qb6 20. Nc6 Nxc6 21.
Bxc5 Qxc5 22. bxc6 Bxc6 23. Rac1 Bd5 24. Qc3 Qb6 25. Qe5 Rf8 26. Rc2 Qd8 27.
Qe3 Qh4 28. Re1 Rh6 29. h3 Rg6 30. Rd2 a5 31. a3 Qf6 32. Qe5 Qf7 33. Qd4 Qb7
34. Ne4 Rf4 35. Rde2 Qf7 36. Qe5 h6 37. Ng3 Rff6 38. Qc3 h5 39. Qe5 h4 40. Qb8+
Kh7 41. Ne4 Rf5 42. Kh2 Rf3 43. Qe5 Rf5 44. Qb8 Rf3 45. Qe5 Rf5 46. Qb8 1/2-1/2

[Event "Torneo Zonale femminile"]
[Site "Saint Vincent - Chatillon ITA"]
[Date "1999.05.25"]
[Round "7"]
[White "Sebag, Marie"]
[Black "Vilar Lopez, Monica"]
[Result "0-1"]
[WhiteElo "2053"]
[BlackElo "2175"]
[PlyCount "60"]
[EventDate "1999.05.19"]

1. e4 c6 2. Nc3 d5 3. Nf3 Bg4 4. h3 Bxf3 5. Qxf3 e6 6. g3 Nf6 7. Bg2 Be7 8. d3
Nbd7 9. O-O O-O 10. Qe2 Qc7 11. f4 dxe4 12. dxe4 Rfe8 13. g4 g6 14. b3 Rad8 15.
Bb2 Bf8 16. Qf3 Bg7 17. Ne2 Nc5 18. Ng3 Qb6 19. Kh1 Nfxe4 20. Bxg7 Nxg3+ 21.
Qxg3 Kxg7 22. f5 exf5 23. gxf5 Ne4 24. Qf4 g5 25. Qg4 Qe3 26. Rf3 Qd2 27. Raf1
f6 28. h4 Qxc2 29. Rf4 h5 30. Bxe4 hxg4 0-1

[Event "Torneo Zonale femminile"]
[Site "Saint Vincent - Chatillon ITA"]
[Date "1999.05.25"]
[Round "7"]
[White "Sziva, Erika"]
[Black "Nepeina Leconte, Maria"]
[Result "1/2-1/2"]
[WhiteElo "2332"]
[BlackElo "2315"]
[PlyCount "157"]
[EventDate "1999.05.19"]

1. e4 c5 2. Nf3 Nc6 3. Bb5 g6 4. Bxc6 bxc6 5. O-O Bg7 6. Nc3 Nh6 7. d3 f6 8.
Be3 d6 9. h3 Nf7 10. Nd2 O-O 11. f4 e6 12. Rb1 f5 13. Nf3 Qa5 14. Qe1 c4 15. d4
fxe4 16. Nxe4 Qxe1 17. Rfxe1 Bb7 18. Ned2 Ba6 19. Bf2 Rae8 20. c3 Bh6 21. Ne4
Bxf4 22. Nf6+ Kg7 23. Nxe8+ Rxe8 24. Re4 Bh6 25. Rbe1 Bc8 26. Bg3 Re7 27. Bh2
Rb7 28. R4e2 a5 29. g4 Kg8 30. Kg2 a4 31. a3 Rb5 32. Rf1 c5 33. d5 e5 34. Bg1
Bf4 35. Bh2 Bh6 36. Rd1 Bb7 37. Kf2 Bf8 38. Ne1 Be7 39. Ng2 Rb6 40. Ne3 Rb3 41.
Ng2 Bc8 42. Kg3 Nh6 43. Bg1 Kg7 44. Be3 Ng8 45. Bc1 Bb7 46. Re4 Bxd5 47. Rxd5
Nf6 48. Rdxe5 dxe5 49. Rxc4 Bd6 50. Rxa4 Kf7 51. Kf3 e4+ 52. Ke2 g5 53. Kd1 Kg6
54. Kc2 Rb6 55. Ne3 Bf4 56. Ra5 Rc6 57. Ra7 Bxe3 58. Bxe3 Nd5 59. Kd2 Nf4 60.
Re7 Nxh3 61. Rxe4 h5 62. gxh5+ Kxh5 63. b4 cxb4 64. axb4 g4 65. b5 Rc8 66. c4
g3 67. b6 g2 68. c5 Rf8 69. Bd4 Rd8 70. Re1 Rxd4+ 71. Kc3 Rf4 72. b7 Rf1 73.
Re5+ Ng5 74. b8=Q g1=Q 75. Qh8+ Kg4 76. Qc8+ Kh4 77. Qh8+ Kg4 78. Qc8+ Kh4 79.
Qh8+ 1/2-1/2

[Event "Torneo Zonale femminile"]
[Site "Saint Vincent - Chatillon ITA"]
[Date "1999.05.26"]
[Round "8"]
[White "Berend, Elvira S."]
[Black "Nicoara Etchegaray, Malina"]
[Result "1-0"]
[WhiteElo "2340"]
[BlackElo "2245"]
[PlyCount "85"]
[EventDate "1999.05.19"]

1. e4 c5 2. Nf3 Nc6 3. Nc3 g6 4. d4 cxd4 5. Nxd4 Bg7 6. Be3 Nf6 7. Bc4 O-O 8.
Bb3 a5 9. O-O a4 10. Nxa4 Nxe4 11. Nb5 Ra6 12. Qe2 d6 13. Rad1 Bd7 14. Rfe1 Nf6
15. h3 Ne5 16. c4 Qc8 17. Nb6 Rxb6 18. Bxb6 Bxh3 19. gxh3 Qxh3 20. Nd4 Bh6 21.
Qf1 Qh5 22. Qg2 Bf4 23. Ba5 Nfg4 24. Bd2 Bh2+ 25. Kf1 Nd3 26. Be3 Nxe1 27. Kxe1
Nxe3 28. fxe3 Be5 29. Qxb7 Qh2 30. Rd2 Bg3+ 31. Kd1 Qg1+ 32. Ke2 e5 33. Nf3 Qb1
34. Rd1 Qxb2+ 35. Nd2 Bh4 36. c5 Qa3 37. c6 Qa5 38. Nc4 Qa3 39. c7 Qb2+ 40. Rd2
Qc1 41. Rd1 Qb2+ 42. Nd2 Qc3 43. Nc4 1-0

[Event "Torneo Zonale femminile"]
[Site "Saint Vincent - Chatillon ITA"]
[Date "1999.05.26"]
[Round "8"]
[White "Calzetta Ruiz, Monica"]
[Black "Vilar Lopez, Monica"]
[Result "1-0"]
[WhiteElo "2158"]
[BlackElo "2175"]
[PlyCount "65"]
[EventDate "1999.05.19"]

1. e4 c6 2. d4 d5 3. e5 Bf5 4. Nf3 e6 5. Be2 c5 6. Be3 Qb6 7. Nc3 Qxb2 8. Nb5
c4 9. Rb1 Qxc2 10. Qxc2 Bxc2 11. Rb2 Ba4 12. Nc7+ Kd7 13. Nxa8 Kc8 14. Ng5 Nh6
15. Bd1 Ba3 16. Rb1 Bxd1 17. Rxd1 Nd7 18. h4 Kb8 19. Rh3 Be7 20. Rf3 Nf5 21.
Nxf7 Rf8 22. Ng5 Bxg5 23. hxg5 g6 24. Kd2 Kxa8 25. Rh1 Rd8 26. Rxh7 Nxe5 27.
dxe5 d4 28. Bf4 d3 29. Rfh3 b5 30. Rh8 Rxh8 31. Rxh8+ Kb7 32. Kc3 a5 33. g4 1-0

[Event "Torneo Zonale femminile"]
[Site "Saint Vincent - Chatillon ITA"]
[Date "1999.05.26"]
[Round "8"]
[White "Fittante, Giuliana"]
[Black "Bosboom-Lanchava, Tea"]
[Result "0-1"]
[WhiteElo "2059"]
[BlackElo "2261"]
[PlyCount "86"]
[EventDate "1999.05.19"]

1. d4 Nf6 2. Nf3 d6 3. Bf4 c6 4. Nbd2 Nbd7 5. e4 g6 6. Be2 Bg7 7. O-O O-O 8. h3
Re8 9. e5 dxe5 10. dxe5 Nd5 11. Bh2 f6 12. exf6 exf6 13. Nc4 Ne5 14. Ncxe5 fxe5
15. Bc4 e4 16. Nd4 Qb6 17. Nb5 Be6 18. Nd6 Bxb2 19. Rb1 Nc3 20. Qg4 Bxc4 21.
Nxc4 Qa6 22. Nxb2 Qxa2 23. Rbd1 Qxb2 24. Rd7 Nd5 25. Qh4 Nf6 26. Rc7 Rad8 27.
Bf4 Rd7 28. Rxd7 Nxd7 29. Rd1 Qf6 30. Bg5 Qf7 31. Rd4 Nc5 32. c3 a5 33. Bf6 a4
34. Rb4 a3 35. Bd4 a2 36. c4 Ra8 37. Ba1 Rf8 38. Qg3 Nd3 39. Ra4 Qxf2+ 40. Qxf2
Rxf2 41. Ra8+ Kf7 42. Bd4 Rc2 43. Bh8 e3 0-1

[Event "Torneo Zonale femminile"]
[Site "Saint Vincent - Chatillon ITA"]
[Date "1999.05.26"]
[Round "8"]
[White "Garcia Vicente, Nieves"]
[Black "Carvalho, Alda"]
[Result "1-0"]
[WhiteElo "2263"]
[BlackElo "2104"]
[PlyCount "109"]
[EventDate "1999.05.19"]

1. c4 e6 2. d4 d5 3. Nc3 c6 4. Nf3 Nf6 5. Bg5 Be7 6. e3 O-O 7. Qc2 Nbd7 8. Rd1
Re8 9. a3 Nf8 10. Ne5 N6d7 11. Bf4 Ng6 12. Nxg6 hxg6 13. cxd5 exd5 14. Nxd5
cxd5 15. Bc7 Bb4+ 16. axb4 Qe7 17. b5 Nf6 18. Ba5 Bf5 19. Bd3 Rac8 20. Qb3 Be4
21. Ra1 b6 22. Bb4 Qd7 23. O-O Bf5 24. Rfc1 Bxd3 25. Qxd3 Ne4 26. f3 Nd6 27.
Bxd6 Qxd6 28. Rc3 Rc7 29. Rxc7 Qxc7 30. e4 Rd8 31. e5 Rc8 32. h3 Qd7 33. Qb3
Rc4 34. Ra4 Rxa4 35. Qxa4 Qc7 36. Qb4 Qc1+ 37. Kf2 Qc2+ 38. Kg3 Qc1 39. Qc3
Qg5+ 40. Kh2 Qf4+ 41. g3 Qf5 42. Kg2 Qb1 43. h4 Qf5 44. Qc6 Qb1 45. Qxd5 Qxb2+
46. Kh3 Qe2 47. Kg4 Qd3 48. Qd7 Qc4 49. Kg5 Qc1+ 50. f4 Qd1 51. g4 Qb3 52. d5
Kh7 53. Qxf7 Qxb5 54. Qxg6+ Kh8 55. Qe6 1-0

[Event "Torneo Zonale femminile"]
[Site "Saint Vincent - Chatillon ITA"]
[Date "1999.05.26"]
[Round "8"]
[White "Jap Tjoen San, Linda"]
[Black "Lauterbach, Ingrid"]
[Result "0-1"]
[WhiteElo "2233"]
[BlackElo "2171"]
[PlyCount "120"]
[EventDate "1999.05.19"]

1. e4 c5 2. Nf3 Nc6 3. d4 cxd4 4. Nxd4 g6 5. Nc3 Bg7 6. Nb3 d6 7. Be2 Nf6 8.
O-O O-O 9. Bg5 a6 10. f4 b5 11. Bf3 Bb7 12. Nd5 e6 13. Nxf6+ Bxf6 14. Bxf6 Qxf6
15. e5 dxe5 16. Qd7 Rab8 17. Bxc6 Rfd8 18. Qxb7 Rxb7 19. Bxb7 exf4 20. c3 e5
21. Nc5 a5 22. b4 axb4 23. cxb4 Rd4 24. a3 Qd6 25. Rae1 Rd2 26. Bc6 f5 27. Bxb5
Qd4+ 28. Kh1 Qb2 29. Nd3 Qxa3 30. Rxe5 Rxd3 31. Bxd3 Qxd3 32. Ree1 g5 33. Rb1
Qb5 34. Rfc1 Kg7 35. Rc5 Qe2 36. Rbc1 f3 37. Rc7+ Kg6 38. gxf3 Qxf3+ 39. Kg1
Qe3+ 40. Kf1 Qf3+ 41. Kg1 Qg4+ 42. Kf2 Qd4+ 43. Kg2 Qd2+ 44. Kf1 Qxb4 45. R1c6+
Kh5 46. Rxh7+ Kg4 47. h3+ Kg3 48. Rhc7 Qf4+ 49. Ke1 Qf2+ 50. Kd1 Kxh3 51. Rc3+
Kg4 52. R7c4+ f4 53. Rc5 Qf1+ 54. Kd2 Qg2+ 55. Kc1 f3 56. R3c4+ Kh3 57. Rc3 g4
58. Rh5+ Kg3 59. Rhc5 Qf1+ 60. Kb2 Kg2 0-1